000 00613nam a2200205Ia 4500
003 GCL
008 140319s9999 xx 000 0 ara d
040 _aGCL /
_cGCL
082 0 4 _aد
_b050
100 1 _aسكيز، ب0 ف
245 1 0 _aتكنولوجيا السلوك الانسانى (عالم المعرفة 32) /
_cسكيز، ب0 ف
700 1 _aعبدالقادر يوسف
300 _a234 ص
490 _aعالم المعرفة
_v0
650 0 4 _aعلم النفس
650 0 4 _aالعلاقات الانسانية
650 0 4 _aالسلوك
650 0 4 _aاداب السلوك
942 _2ddc
_cBK
999 _c50444
_d50444